00570nam a2200193Ia 4500003000900000008004100009020002200050040001600072080001500088100003300103245011700136250001200253260002700265300001500292650001900307650002200326650001500348650001300363IN-BaIIA211028s9999 xx 000 0 eng d a978-3-642-14733-3 cIIA Library a524.3bBIS aBisnovatyi-Kogan, Gennady S. 0aStellar physics: 2, stellar evolution and stabilitycGennady S. Bisnovatyi-Kogan  a2nd ed. aBerlinbSpringerc2010 axxi, 491p. aStar formation aStellar evolution aSupernovae aThe Star